<?xml version="1.0" encoding="UTF-8"?>
<record
    xmlns:xsi="http://www.w3.org/2001/XMLSchema-instance"
    xsi:schemaLocation="http://www.loc.gov/MARC21/slim http://www.loc.gov/standards/marcxml/schema/MARC21slim.xsd"
    xmlns="http://www.loc.gov/MARC21/slim">

  <leader>01247nkm a22002297a 4500</leader>
  <controlfield tag="001">85846</controlfield>
  <controlfield tag="005">20260429134957.0</controlfield>
  <controlfield tag="007">kh bo </controlfield>
  <controlfield tag="008">260429s1925    sp ||||| |||| |0| i|spa d</controlfield>
  <datafield tag="040" ind1=" " ind2=" ">
    <subfield code="a">M-RABA</subfield>
    <subfield code="b">spa</subfield>
    <subfield code="c">M-RABA</subfield>
  </datafield>
  <datafield tag="100" ind1="1" ind2=" ">
    <subfield code="a">Moreno, Vicente (</subfield>
    <subfield code="d">1895-1954)</subfield>
    <subfield code="9">29028</subfield>
  </datafield>
  <datafield tag="245" ind1="1" ind2="1">
    <subfield code="a">[Retrato de Bernini]</subfield>
    <subfield code="h">[Material gr&#xE1;fico]</subfield>
  </datafield>
  <datafield tag="260" ind1=" " ind2=" ">
    <subfield code="a">: Madrid</subfield>
    <subfield code="b">: Fotograf&#xED;a de Arte Moreno</subfield>
    <subfield code="c">[ca.1925]</subfield>
  </datafield>
  <datafield tag="300" ind1=" " ind2=" ">
    <subfield code="a">1 fotograf&#xED;a</subfield>
    <subfield code="b">: reproducci&#xF3;n fotomec&#xE1;nica</subfield>
    <subfield code="c">, imagen 22,5 x 16,5 cm</subfield>
  </datafield>
  <datafield tag="500" ind1="0" ind2="0">
    <subfield code="a">Fotograf&#xED;a que representa un retrato de Bernini, de autor desconocido.</subfield>
  </datafield>
  <datafield tag="500" ind1="0" ind2="0">
    <subfield code="a">Fotograf&#xED;a de Arte Moreno, padre (Mariano Moreno) e hijo (Vicente Moreno) se encuentran ubicados en el estudio de la Plaza de las Cortes, 8 en Madrid. Suponemos que se trata de Vicente ya que a la muerte de su padre en 1925 se especializa en fotograf&#xED;as de obras de arte. </subfield>
  </datafield>
  <datafield tag="500" ind1="0" ind2="0">
    <subfield code="a">Autor&#xED;a tomada del sello a tinta en el verso: "Fotograf&#xED;a de Arte Moreno. Plaza de las Cortes, 8. Madrid".</subfield>
  </datafield>
  <datafield tag="655" ind1=" " ind2="7">
    <subfield code="a">Fotograf&#xED;as de obras de arte</subfield>
    <subfield code="9">75675</subfield>
  </datafield>
  <datafield tag="852" ind1=" " ind2=" ">
    <subfield code="j">Fot-814</subfield>
  </datafield>
  <datafield tag="856" ind1=" " ind2=" ">
    <subfield code="u">https://archivoybiblioteca.realacademiabellasartessanfernando.com/cgi-bin/koha/opac-retrieve-file.pl?id=f99a022f4a15dd8b7b1c120b2ffced1d</subfield>
    <subfield code="y">Fot-814</subfield>
  </datafield>
  <datafield tag="942" ind1=" " ind2=" ">
    <subfield code="c">FOTOGRAF&#xCD;A</subfield>
    <subfield code="n">0</subfield>
  </datafield>
  <datafield tag="952" ind1=" " ind2=" ">
    <subfield code="0">0</subfield>
    <subfield code="1">0</subfield>
    <subfield code="2">ddc</subfield>
    <subfield code="4">0</subfield>
    <subfield code="7">0</subfield>
    <subfield code="8">FOTOGRAFIA</subfield>
    <subfield code="a">RABASF</subfield>
    <subfield code="b">RABASF</subfield>
    <subfield code="c">DP2</subfield>
    <subfield code="d">2026-04-29</subfield>
    <subfield code="l">0</subfield>
    <subfield code="o">Fot-814</subfield>
    <subfield code="p">1097144</subfield>
    <subfield code="r">2026-04-29 13:50:13</subfield>
    <subfield code="w">2026-04-29</subfield>
    <subfield code="y">FOTOGRAF&#xCD;A</subfield>
  </datafield>
  <datafield tag="999" ind1=" " ind2=" ">
    <subfield code="c">85846</subfield>
    <subfield code="d">85846</subfield>
  </datafield>
</record>
